Report of the Constitution of Kenya Review Commission (Record no. 3743)

MARC details
000 -LEADER
fixed length control field 00413nam a22001217a 4500
008 - FIXED-LENGTH DATA ELEMENTS--GENERAL INFORMATION
fixed length control field 230704b xxu||||| |||| 00| 0 eng d
082 ## - DEWEY DECIMAL CLASSIFICATION NUMBER
Classification number 342
Item number CKRC
110 ## - MAIN ENTRY--CORPORATE NAME
Subordinate unit Constitution of Kenya Review Commission
245 ## - TITLE STATEMENT
Title Report of the Constitution of Kenya Review Commission
Remainder of title Volume 5
Statement of responsibility, etc. Technical Appendices
Medium Part one
260 ## - PUBLICATION, DISTRIBUTION, ETC. (IMPRINT)
Name of publisher, distributor, etc. Constitution of Kenya Review Commission
Date of publication, distribution, etc. April 2003
300 ## - PHYSICAL DESCRIPTION
Extent 346p
942 ## - ADDED ENTRY ELEMENTS (KOHA)
Source of classification or shelving scheme Dewey Decimal Classification
Koha item type Books
Holdings
Withdrawn status Lost status Source of classification or shelving scheme Damaged status Not for loan Home library Current library Date acquired Total Checkouts Full call number Barcode Date last seen Price effective from Koha item type
    Dewey Decimal Classification     County Hall Archives County Hall Archives 07/04/2023   342 CKRC 10006258 07/04/2023 07/04/2023 Books
    Dewey Decimal Classification     County Hall Archives County Hall Archives 07/04/2023   342 CKRC 10006260 07/04/2023 07/04/2023 Books
    Dewey Decimal Classification     County Hall Archives County Hall Archives 07/04/2023   342 CKRC 10016040 07/04/2023 07/04/2023 Books
    Dewey Decimal Classification     County Hall Archives County Hall Archives 07/04/2023   342 CKRC 10007628 07/04/2023 07/04/2023 Books
    Dewey Decimal Classification     County Hall Archives County Hall Archives 07/04/2023   342 CKRC 10006262 07/04/2023 07/04/2023 Books
LIBRARY OPENING HOURS

When the Parliament is sitting: 8.00a.m - 7.00p.m or until the house adjourns
Mondays and Fridays and when the House is on Recess:  8.00a.m - 5.00p.m
Closed on Weekends and Public Holidays

Online Public Access Catalog (OPAC)
Website: http://www.parliament.go.ke
Bunge Library: https://libraryir.parliament.go.ke
Contact: library@parliament.go.ke | Tel no: (254-2)2221291 or 2848000 Ext 5043